Fundamentals of monetary economics / (Record no. 125319)
[ view plain ]
| 000 -LEADER | |
|---|---|
| fixed length control field | 00729nam a22002417a 4500 |
| 005 - DATE AND TIME OF LATEST TRANSACTION | |
| control field | 20170124105952.0 |
| 010 ## - LIBRARY OF CONGRESS CONTROL NUMBER | |
| LC control number | A-371845 |
| 020 ## - INTERNATIONAL STANDARD BOOK NUMBER | |
| Terms of availability | 00.00 |
| 035 ## - SYSTEM CONTROL NUMBER | |
| System control number | A-371845 |
| 037 ## - SOURCE OF ACQUISITION | |
| Source of stock number/acquisition | Cen Lib/Ret |
| 040 ## - CATALOGING SOURCE | |
| Original cataloging agency | DPL |
| Language of cataloging | EN |
| 082 ## - DEWEY DECIMAL CLASSIFICATION NUMBER | |
| Classification number | 332 |
| Item number | GHO |
| 100 ## - MAIN ENTRY--PERSONAL NAME | |
| Personal name | Ghosh, B.N. |
| 9 (RLIN) | 10809 |
| 245 ## - TITLE STATEMENT | |
| Title | Fundamentals of monetary economics / |
| Statement of responsibility, etc | by B.N. Ghosh [and] Rama Ghosh |
| 260 ## - PUBLICATION, DISTRIBUTION, ETC. (IMPRINT) | |
| Place of publication, distribution, etc | Bombay |
| Name of publisher, distributor, etc | Himalaya Publishing House |
| Date of publication, distribution, etc | 1989 |
| 270 ## - ADDRESS | |
| City | Bombay |
| Postal code | 400004 |
| Address | bhalerao marg, girgaon |
| 300 ## - PHYSICAL DESCRIPTION | |
| Extent | x, 596p. : |
| Dimensions | 20cm(Hb) |
| 500 ## - GENERAL NOTE | |
| General note | Includes bibliographical references |
| 650 ## - SUBJECT ADDED ENTRY--TOPICAL TERM | |
| Topical term or geographic name as entry element | Economics |
| 9 (RLIN) | 79410 |
| 650 ## - SUBJECT ADDED ENTRY--TOPICAL TERM | |
| Topical term or geographic name as entry element | Monetary economics |
| Geographic subdivision | |
| 9 (RLIN) | 13697 |
| 700 ## - ADDED ENTRY--PERSONAL NAME | |
| Personal name | Ghosh, Rama |
| 9 (RLIN) | 13698 |
| 942 ## - ADDED ENTRY ELEMENTS (KOHA) | |
| Source of classification or shelving scheme | Dewey Decimal Classification |
| Koha item type | English Books |
| Classification part | 332 |
| Call number suffix | GHO |
| Withdrawn status | Lost status | Damaged status | Not for loan | Home library | Current library | Date acquired | Source of acquisition | Cost, normal purchase price | Total Checkouts | Full call number | Barcode | Date last seen | Copy number | Cost, replacement price | Price effective from | Koha item type |
|---|---|---|---|---|---|---|---|---|---|---|---|---|---|---|---|---|
| Central Library | Central Library | 20/06/2015 | Cen Lib/Ret | 0.00 | 332 GHO | A-371845 | 20/06/2015 | 1 | 0.00 | 20/06/2015 | English Books | |||||
| Central Library | Central Library | 26/06/2015 | Cen Lib/Ret | 0.00 | 332 GHO | B-031402 | 26/06/2015 | 1 | 0.00 | 26/06/2015 | English Books |
